• 首页
  • 本馆介绍
  • 公告通知
  • 最新文献
  • 馆藏检索
  • 电子资源
  • 读者导购
  • 参考咨询
  • 我的图书馆
  • 登录
  • 详细信息显示
  • 放入我的书架
  • 预约/预借图书
  • 作者相关作品
  • 分类相关作品
  • 丛书相关作品
  • 出版社相关作品

书目信息

  • 表格格式
  • 工作单格式
  • 卡片格式
题名:
Lewin基因X
    
 
作者: 克雷布斯 , 戈尔茨坦 , 基尔帕特里克 著 ;江松敏 译
分册:  
出版信息: 北京   科学出版社  2013.02
页数: 20,994页
开本: 26cm
丛书名: 生命科学名著
单 册:
中图分类: Q343.1
科图分类:
主题词: 基因--研究 , 基因
电子资源:
ISBN: 978-7-03-036276-6
000 01170oam2 2200313 450
001 010010111275
005 20140609154420.89
010    @a978-7-03-036276-6@dCNY298.00
100    @a20130225d2013 em y0chiy50 ea
101 1  @achi@ceng
102    @aCN@b110000
105    @aa z 000yy
106    @ar
200 1  @aLewin基因X@9Lewin ji yin X@dLewin's genes x@f(美)J. E.克雷布斯(Jocelyn Krebs),(美)E. S.戈尔茨坦(Elliott Goldstein),(美)S. T.基尔帕特里克(Stephen Kilpatrick)著@g江松敏译@zeng
210    @a北京@c科学出版社@d2013.02
215    @a20,994页@c图@d26cm
225 2  @a生命科学名著
330    @a本书对分子生物学和分子遗传学进行了精彩的论述,内容涵盖了基因的结构、序列、组织和表达。
461  0 @12001 @a生命科学名著
510 1  @aLewin's genes x@zeng
606 0  @a基因@x研究
606 0  @a基因
690    @aQ343.1@v5
701  0 @c(美)@a克雷布斯@9ke lei bu si@c(Krebs, Jocelyn.)@4著
701  0 @c(美)@a戈尔茨坦@9ge er ci tan@c(Goldstein, Elliott)@4著
701  0 @c(美)@a基尔帕特里克@9ji er pa te li ke@c(Kilpatrick, Stephen)@4著
702  0 @a江松敏@9jiang song min@4译
801  0 @aCN@b人天书店@c20130225
905    @b549821-23@dQ343.1@e61@f3
    
    Lewin基因X=Lewin's genes x/(美)J. E.克雷布斯(Jocelyn Krebs),(美)E. S.戈尔茨坦(Elliott Goldstein),(美)S. T.基尔帕特里克(Stephen Kilpatrick)著/江松敏译.-北京:科学出版社,2013.02
    20,994页:图;26cm.-(生命科学名著)
    
    
    ISBN 978-7-03-036276-6:CNY298.00
    本书对分子生物学和分子遗传学进行了精彩的论述,内容涵盖了基因的结构、序列、组织和表达。
●
相关链接 在E读中查询图书 在五车中查询图书 在当当中查询图书 在豆瓣中查询图书


正题名:Lewin基因X     索取号:Q343.1/61         预约/预借

序号 登录号 条形码 馆藏地/架位号 状态 备注
1 549821   205498219   第二样本阅览室/ [索取号:Q343.1/61] 在馆    
2 549822   205498228   生命科学系资料室/ [索取号:Q343.1/61] 在馆    
3 549823   205498237   第三借阅区/ [索取号:Q343.1/61] 在馆    
唐山师范学院图书馆 欢迎您!
大连网信软件有限公司© 版权所有